000 00792nam a2200181Ia 4500
008 100920s9999 xx 000 0 und d
082 _b63714
_a61 थ 56
100 _a---
245 _aआपली दुसरी पंचवार्षिक योजना (ओळख).
260 _bमुंबई सरकार प्रसिध्दी खाते प्रकाशन, मुंबई.
_c1956
300 _a64
_bसाधी
365 _b0.36
520 _aस्थानिक वाचन.
630 _aआपली दुसरी पंचवार्षिक योजना (ओळख).
650 _aस्थानिक वाचन.
730 _aआपली दुसरी पंचवार्षिक योजना (ओळख).
942 _cBOOK
999 _c706794
_d706791